Language Quiz

Random Language or Animal Quiz

Click-a-Cliché: Animals Quiz Stats

 Plays Quiz Updated Aug 21, 2020

Support Sporcle.
Go Orange.
Score 0/20 Timer 05:00
35 Plays Today
% Correct
Take the bull by the horns
97.3%
Leopard can't change its spots
95.7%
Sly as a fox
95.4%
Ants in your pants
94.8%
Elephant in the room
94.7%
Swim with the sharks
94.6%
Raining cats and dogs
94%
Crocodile tears
93.5%
Frog in your throat
93.2%
Quiet as a mouse
92.7%
% Correct
Make an ass of yourself
91.6%
Lion's share
89.3%
Straight from the horse's mouth
87.8%
I'll be a monkey's uncle
85.8%
Mountain out of a molehill
84.1%
What's good for the goose
is good for the gander
83.2%
Cock of the walk
83%
Cast pearls before swine
82%
Bats in the belfry
80.2%
On a lark
73%

You're not logged in!

Compare scores with friends on all Sporcle quizzes.
OR
Log In

From the Vault

The Only Letter IV

by giveupyet

There's only one, so choose wisely!
Remove Ads.
Support Sporcle.
Get the best of Sporcle when you Go Orange. This ad-free experience offers more features, more stats, and more fun while also helping to support Sporcle. Thank you for becoming a member.

Show Comments

Extras

Top Quizzes Today


Score Distribution

Your Account Isn't Verified!

In order to create a playlist on Sporcle, you need to verify the email address you used during registration. Go to your Sporcle Settings to finish the process.

Report this User

Report this user for behavior that violates our Community Guidelines.

Details: